Doreen Massey: un sentido global del lugar

Kaydedildi:
Detaylı Bibliyografya
Asıl Yazarlar: Albet, Abel (Yazar), Benach, Núria (Yazar)
Materyal Türü: Kitap
Dil:İspanyolca
Baskı/Yayın Bilgisi: Barcelona Icaria 2012
Edisyon:1a. ed
Seri Bilgileri:Espacios Críticos, 2
Konular:
Etiketler: Etiketle
Etiket eklenmemiş, İlk siz ekleyin!

MARC

LEADER 00000cam a2200000 a 4500
001 UCE0362
003 CL-VaPUC
008 140116e20120600sp |||||||||||||||||spa|d
020 |a 9788498884418 
082 0 4 |a 303.4  |b ALB  |2 21 
100 0 |a Albet, Abel  |e author  |9 572724 
700 0 |a Benach, Núria  |e author  |9 572725 
245 1 0 |a Doreen Massey: un sentido global del lugar 
250 |a 1a. ed 
300 |a 309 p 
942 |c BK 
945 |d 20140116 11:53:00  |a dcastane 
260 |a Barcelona  |b Icaria  |c 2012 
650 0 |a Cambio social   |9 256857 
650 0 |a Globalización  |9 361930 
650 0 |a Antropología cultural y social   |9 265143 
583 |a last modification  |c 20140116 11:53:00  |k Rodrigo Vera 
490 0 |a Espacios Críticos, 2 
999 |c 354525  |d 354523 
952 |0 0  |1 0  |3 erb  |4 0  |6 303_400000000000000_ALB_2012  |7 0  |8 A  |9 460465  |a BIBING  |b BIBING  |i 5045126  |l 2  |o 303.4 ALB 2012  |p 5045126  |r 2025-01-20  |s 2023-11-15  |w 2019-11-23  |y BK  |z Catalogado en:20140116  |k GEO 
952 |0 0  |1 0  |3 erb  |4 0  |6 303_400000000000000_ALB_2012  |7 0  |8 A  |9 460466  |a BIBING  |b BIBING  |i 5148065  |l 1  |m 2  |o 303.4 ALB 2012  |p 5148065  |r 2025-01-20  |s 2022-05-10  |w 2019-11-23  |y BK  |z Catalogado en:20150430  |k GEO